अन्तर्राष्ट्रीय राजनीति / (Record no. 19399)

MARC details
000 -LEADER
fixed length control field 01156 a2200265 4500
005 - DATE AND TIME OF LATEST TRANSACTION
control field 20081117104836.0
008 - FIXED-LENGTH DATA ELEMENTS--GENERAL INFORMATION
fixed length control field 081117t xxu||||| |||| 00| 0 hin d
010 ## - LCCN (DPL NO)
LC control number HIN-85298
020 ## - INTERNATIONAL STANDARD BOOK NUMBER
International Standard Book Number 9788184550610
Terms of availability 500.00
035 ## - SYSTEM CONTROL NUMBER
System control number HN-57644
037 ## - SOURCE OF ACQUISITION
Source of stock number/acquisition DBAD
040 ## - CATALOGING SOURCE
Original cataloging agency DPL
Language of cataloging HN
082 ## - DEWEY DECIMAL CLASSIFICATION NUMBER
Classification number 327
100 ## - MAIN ENTRY--PERSONAL NAME
Personal name सरोज बाला
245 ## - TITLE STATEMENT
Title अन्तर्राष्ट्रीय राजनीति /
Statement of responsibility, etc सरोज बाला
246 ## - VARYING FORM OF TITLE
Title proper/short title Antarraashtriiya raajaniiti
Remainder of title by Saroj Bala
260 ## - PUBLICATION, DISTRIBUTION, ETC. (IMPRINT)
Place of publication, distribution, etc नई दिल्ली
Name of publisher, distributor, etc ओमेगा पब्लिकेशन्स
Date of publication, distribution, etc 2008
270 ## - ADDRESS
Address 4398/5, अंसारी रोड़, दरियागंज
City नई दिल्ली
Postal code 110002
Telephone number 011-265901906
300 ## - PHYSICAL DESCRIPTION
Extent 271 पृ
Dimensions 22सेमी (सजिल्द)
610 ## - SUBJECT ADDED ENTRY--CORPORATE NAME
Corporate name or jurisdiction name as entry element
650 ## - SUBJECT ADDED ENTRY--TOPICAL TERM
Topical term or geographic name as entry element अन्तर्राष्ट्रीय संबंध
650 ## - SUBJECT ADDED ENTRY--TOPICAL TERM
Topical term or geographic name as entry element International relations.
942 ## - ADDED ENTRY ELEMENTS (KOHA)
Institution code [OBSOLETE] dpl
Item type Hindi Books
Source of classification or shelving scheme Dewey Decimal Classification
Call number suffix सरोज
Classification part 327
Holdings
Withdrawn status Lost status Source of classification or shelving scheme Damaged status Not for loan Home library Current library Date acquired Cost, normal purchase price Total Checkouts Full call number Barcode Date last seen Copy number Cost, replacement price Koha item type
    Dewey Decimal Classification   Not For Loan D.B.Act.Division D.B.Act.Division 02/12/2008 500.00   327 सरोज HN-57644 02/12/2008 1 500.00 Hindi Books

© Delhi Public Library
Hit Counter
free hit counter